| 000 | 00823nam a2200265Ia 4500 | ||
|---|---|---|---|
| 003 | OSt | ||
| 005 | 20220925180019.0 | ||
| 006 | a|||||r|||| 00| 0 | ||
| 007 | ta | ||
| 008 | 220923b |||||||| |||| 00| 0 eng d | ||
| 020 | _a0521015363 | ||
| 037 | _cGeneral Book | ||
| 040 |
_aRTL _cRTL _beng |
||
| 041 |
_2eng _aeng |
||
| 082 | _aY73(MY6).43.N9, P2 | ||
| 100 |
_aMorrison Kathleen D _938557 |
||
| 245 | 0 |
_aForager-traders in South and Southeast Asia _b Long- term histories |
|
| 260 |
_aCambridge _bCambridge University Press UK _c2002 |
||
| 300 |
_axxi,288p _ccm. |
||
| 500 | _aBibliography P 242-275 | ||
| 650 |
_aEthnology _935130 |
||
| 700 |
_a Junker Laura L _9250364 |
||
| 942 |
_hY73(MY6).43.N9, P2 _cGB _2CC |
||
| 999 |
_c495356 _d495356 |
||